LIBRARY & INFORMATION CENTRE, KCAET, TAVANUR

ONLINE PUBLIC ACCESS CATALOGUE (OPAC)

Post harvest technology of cereals pulses and oilseeds / (Record no. 17384)

MARC details
000 -LEADER
fixed length control field 00428cam a2200157ua 4500
003 - CONTROL NUMBER IDENTIFIER
control field OSt
008 - FIXED-LENGTH DATA ELEMENTS--GENERAL INFORMATION
fixed length control field 210806b ||||| |||| 00| 0 eng d
020 ## - INTERNATIONAL STANDARD BOOK NUMBER
ISBN 9788120409689
082 ## - DEWEY DECIMAL CLASSIFICATION NUMBER
Classification number 631.56
Item number CHA/PO
100 ## - MAIN ENTRY--AUTHOR NAME
Personal name Chakraverty, Amalendu
245 ## - TITLE STATEMENT
Title Post harvest technology of cereals pulses and oilseeds /
250 ## - EDITION STATEMENT
Edition statement 3
260 ## - PUBLICATION, DISTRIBUTION, ETC. (IMPRINT)
Place of publication New Delhi :
Name of publisher CBS Publishers and Distributors
Year of publication 2018
300 ## - PHYSICAL DESCRIPTION
Number of Pages 349
942 ## - ADDED ENTRY ELEMENTS (KOHA)
Koha item type Books
Holdings
Withdrawn status Lost status Damaged status Collection code Home library Current library Shelving location Date acquired Source of acquisition Cost, normal purchase price Full call number Accession Number Koha item type
      General Books KAUAET KAUAET Scheme 31/03/2021 M/S TBS Books Calicut 550.00 631.56 CHA/PO BB 612 Book Bank scheme for SC students
      General Books KAUAET KAUAET Scheme 31/03/2021 M/S TBS Books Calicut 550.00 631.56 CHA/PO BB 613 Book Bank scheme for SC students
free website counter